[Event "XXIII Memorial Edoardo Crespi Open"]
[Site "Milano ITA"]
[Date "2002.12.05"]
[Round "6"]
[White "Maksimenko, Andrei"]
[Black "Lapiccirella, Mattia"]
[Result "1/2-1/2"]
[WhiteElo "2507"]
[BlackElo "2193"]
[PlyCount "156"]
[EventDate "2002.12.02"]

1. d4 Nf6 2. c4 c5 3. d5 g6 4. Nc3 d6 5. e4 Bg7 6. Bg5 O-O 7. Be2 e6 8. Nf3
exd5 9. exd5 Re8 10. Qd2 Bg4 11. O-O Nbd7 12. h3 Bxf3 13. Bxf3 a6 14. Be2 Qb6
15. Qc2 h6 16. Bd2 Re7 17. Rfe1 Rae8 18. Bf1 Rxe1 19. Rxe1 Rxe1 20. Bxe1 Nf8
21. g3 N6d7 22. Kg2 Qd8 23. Qb3 Qc7 24. Bd2 f5 25. Qd1 Nf6 26. Qe1 Qd7 27. Bd3
Kf7 28. a4 b6 29. b3 Qe7 30. Qxe7+ Kxe7 31. a5 bxa5 32. f4 N6d7 33. Na4 h5 34.
Bxa5 Bd4 35. Nc3 Nf6 36. Ne2 Bb2 37. Ng1 Ba1 38. Nf3 N8d7 39. Nh4 Nf8 40. Kf3
Bb2 41. Bc2 Ba3 42. Bc3 Bb4 43. Bb2 Kf7 44. Ke2 Ba5 45. Ng2 N8d7 46. Bb1 Ke7
47. Ne3 Kf7 48. Bd3 Bb4 49. Kf3 a5 50. Ke2 Nf8 51. Nd1 N8d7 52. Nc3 Nb6 53. Nb5
Nc8 54. Nc7 Ke7 55. Nb5 Kf7 56. Kf3 Ke7 57. Ba1 Kf7 58. Ke2 Ke7 59. Nc7 Kf7 60.
Ne6 Ke7 61. Kf3 Kf7 62. Bb2 Ke7 63. Nc7 Kf7 64. Bb1 Ke7 65. Nb5 Kf7 66. Bd3 Ke7
67. Nc3 Kf7 68. Nd1 Nb6 69. Ba1 Nbd7 70. Ne3 Ba3 71. g4 hxg4+ 72. hxg4 fxg4+
73. Nxg4 Nxg4 74. Kxg4 Bb4 75. Kg5 Nf8 76. Bb2 Bd2 77. Kg4 Nd7 78. Kf3 Nf6
1/2-1/2

[Event "XXIII Memorial Edoardo Crespi Open"]
[Site "Milano ITA"]
[Date "2002.12.05"]
[Round "6"]
[White "Mazzini, Antonio"]
[Black "Facchetti, Gianni"]
[Result "1/2-1/2"]
[WhiteElo "2122"]
[BlackElo "2160"]
[PlyCount "85"]
[EventDate "2002.12.02"]

1. d4 Nf6 2. Nf3 d6 3. c4 Nbd7 4. g3 e5 5. Bg2 Be7 6. Nc3 c6 7. O-O Qc7 8. Qc2
O-O 9. Rd1 Re8 10. b3 Nf8 11. Bb2 Ng6 12. Rac1 Bd7 13. b4 Rad8 14. e3 Qc8 15.
dxe5 dxe5 16. a3 Bh3 17. Bh1 Qg4 18. e4 Qh5 19. Ne1 Be6 20. Ne2 Ng4 21. Nf3 f5
22. h3 Qxh3 23. exf5 Rf8 24. Rxd8 Bxd8 25. Bg2 Qh5 26. Qd2 Bxf5 27. Kf1 Be4 28.
Neg1 h6 29. Re1 Bxf3 30. Nxf3 Bg5 31. Qd7 Rxf3 32. Bxf3 Nh2+ 33. Kg2 Nxf3 34.
Rh1 Nfh4+ 35. gxh4 Bxh4 36. Qe6+ Kh7 37. Bxe5 Qe2 38. Qf5 Bxf2 39. Qxf2 Qxe5
40. Re1 Qg5+ 41. Kf1 Qg4 42. Qe2 Qf5+ 43. Kg1 1/2-1/2

[Event "XXIII Memorial Edoardo Crespi Open"]
[Site "Milano ITA"]
[Date "2002.12.05"]
[Round "6"]
[White "Mrdja, Milan"]
[Black "Dragojlovic, Andjelko"]
[Result "1-0"]
[WhiteElo "2368"]
[BlackElo "2324"]
[PlyCount "27"]
[EventDate "2002.12.02"]

1. e4 c5 2. Nf3 Nc6 3. Bb5 e6 4. Bxc6 bxc6 5. d3 Ne7 6. Qe2 Ng6 7. h4 f6 8. h5
Ne5 9. Nxe5 fxe5 10. Qg4 d6 11. Nd2 a5 12. a4 Ra7 13. Nc4 Qc7 14. Qg3 {...} 1-0

[Event "XXIII Memorial Edoardo Crespi Open"]
[Site "Milano ITA"]
[Date "2002.12.05"]
[Round "6"]
[White "Popa, Florin"]
[Black "Crippa, Gabriele"]
[Result "1-0"]
[WhiteElo "2193"]
[BlackElo "2118"]
[PlyCount "67"]
[EventDate "2002.12.02"]

1. e4 e6 2. d4 d5 3. Nd2 c5 4. exd5 Qxd5 5. Ngf3 cxd4 6. Bc4 Qd6 7. O-O Nf6 8.
Nb3 Be7 9. Nbxd4 a6 10. Qe2 Nc6 11. Rd1 Nxd4 12. Rxd4 Qb6 13. a4 Bd7 14. a5 Qa7
15. c3 Bc5 16. Rxd7 Kxd7 17. Ne5+ Ke7 18. b4 Bxf2+ 19. Qxf2 Qxf2+ 20. Kxf2 Ne4+
21. Kf3 Nxc3 22. Be3 Nd5 23. Bc5+ Kf6 24. Re1 Rad8 25. Ng4+ Kg6 26. Bd3+ f5 27.
Rxe6+ Kf7 28. Bxf5 g6 29. Ne5+ Kg7 30. Be4 g5 31. Nc4 h5 32. Rg6+ Kf7 33. Ne5+
Ke8 34. Re6+ 1-0

[Event "XXIII Memorial Edoardo Crespi Open"]
[Site "Milano ITA"]
[Date "2002.12.05"]
[Round "6"]
[White "Porat, David"]
[Black "Drazic, Sinisa"]
[Result "0-1"]
[WhiteElo "2195"]
[BlackElo "2465"]
[PlyCount "72"]
[EventDate "2002.12.02"]

1. d4 g6 2. c4 Bg7 3. Nc3 d6 4. e4 e5 5. d5 Ne7 6. Bd3 O-O 7. h4 f5 8. h5 f4 9.
hxg6 h6 10. Be2 Nd7 11. Bg4 Nf6 12. Bxc8 Rxc8 13. b4 c6 14. dxc6 Rxc6 15. Qb3
Kh8 16. b5 Rc8 17. Ba3 Qc7 18. Rd1 Rfd8 19. Nf3 Qxc4 20. Qxc4 Rxc4 21. Bxd6
Rxc3 22. Bxe7 Rxd1+ 23. Kxd1 Nxe4 24. Rf1 Rc7 25. Bb4 Bf6 26. Nd2 Nxd2 27. Kxd2
Kg7 28. Re1 Kxg6 29. f3 Kf5 30. a3 h5 31. Kd3 Rg7 32. Re2 h4 33. Rf2 Rd7+ 34.
Ke2 Rc7 35. Kd3 Rd7+ 36. Ke2 Rd5 0-1

[Event "XXIII Memorial Edoardo Crespi Open"]
[Site "Milano ITA"]
[Date "2002.12.05"]
[Round "6"]
[White "Sanchez, Joseph"]
[Black "Gandolfi, Gianfranco"]
[Result "1-0"]
[WhiteElo "2307"]
[BlackElo "2007"]
[PlyCount "47"]
[EventDate "2002.12.02"]

1. e4 e5 2. d4 exd4 3. Qxd4 Nc6 4. Qe3 d6 5. Nc3 Nf6 6. Bd2 Be7 7. O-O-O Be6 8.
Qg3 Qd7 9. f4 O-O-O 10. f5 Bxa2 11. Nxa2 Nxe4 12. Qf4 Nxd2 13. Rxd2 h6 14. Nf3
Bf6 15. Bb5 a6 16. Bxc6 Qxc6 17. Nb4 Qa4 18. Kb1 Qa5 19. Rhd1 Rhe8 20. Qc4 Kb8
21. Nd5 Be5 22. Nxe5 Rxe5 23. b4 b5 24. Qc6 1-0

[Event "XXIII Memorial Edoardo Crespi Open"]
[Site "Milano ITA"]
[Date "2002.12.05"]
[Round "6"]
[White "Valenti, Giuseppe"]
[Black "Astengo, Marcello"]
[Result "1-0"]
[WhiteElo "2230"]
[BlackElo "2092"]
[PlyCount "61"]
[EventDate "2002.12.02"]

1. e4 e6 2. d4 d5 3. Nd2 Nf6 4. e5 Nfd7 5. Bd3 c5 6. c3 Nc6 7. Ne2 cxd4 8. cxd4
Qb6 9. Nf3 f6 10. exf6 Nxf6 11. O-O Bd6 12. Nc3 O-O 13. a3 Bd7 14. Re1 Rae8 15.
Be3 Na5 16. Ne5 Qxb2 17. Nxd7 Qxc3 18. Nxf8 Rxf8 19. a4 Nc6 20. Rb1 Nb4 21. Bd2
Qxd4 22. Bxb4 Bxh2+ 23. Kxh2 Ng4+ 24. Qxg4 Qxg4 25. Bxf8 Kxf8 26. Rxb7 Qxa4 27.
Rxe6 a5 28. Ra6 Qe8 29. Raa7 a4 30. Bb5 Qd8 31. Rf7+ 1-0

[Event "XXIII Memorial Edoardo Crespi Open"]
[Site "Milano ITA"]
[Date "2002.12.05"]
[Round "6"]
[White "Zanetti, Alberto"]
[Black "Qendro, Llambi"]
[Result "0-1"]
[WhiteElo "2004"]
[BlackElo "2364"]
[PlyCount "72"]
[EventDate "2002.12.02"]

1. d4 g6 2. e4 Bg7 3. Nf3 d6 4. h3 Nf6 5. Bd3 c6 6. O-O O-O 7. Qe2 Qc7 8. e5
dxe5 9. Nxe5 Nbd7 10. Bf4 Nd5 11. Bg3 Nxe5 12. dxe5 Be6 13. c3 Bh6 14. Nd2 Rad8
15. Nf3 Nf4 16. Bxf4 Bxf4 17. Rfe1 Bd5 18. Nd4 c5 19. Nb5 Qb8 20. c4 Be6 21.
Qe4 Bd2 22. g4 a6 23. Nc3 Rd4 24. Qe2 Bxe1 25. Rxe1 Rfd8 26. Nd5 Bxd5 27. cxd5
R4xd5 28. Bc4 Rd2 29. Qf3 e6 30. Re3 Rd1+ 31. Kg2 Rb1 32. Qf6 Qc7 33. Rf3 Re8
34. Rd3 b5 35. Bb3 c4 36. Rc3 Qb7+ 0-1

[Event "XXIII Memorial Edoardo Crespi Open"]
[Site "Milano ITA"]
[Date "2002.12.06"]
[Round "7"]
[White "Barlocco, Carlo"]
[Black "Zanetti, Alberto"]
[Result "0-1"]
[WhiteElo "2160"]
[BlackElo "2004"]
[PlyCount "86"]
[EventDate "2002.12.02"]

1. d4 g6 2. e4 Bg7 3. Nc3 c6 4. Be3 d5 5. Qd2 dxe4 6. Nxe4 Nd7 7. O-O-O Ngf6 8.
Nxf6+ Nxf6 9. f3 h5 10. Nh3 Bxh3 11. gxh3 Nd5 12. Kb1 b5 13. Bf4 O-O 14. Bh6 e6
15. Rg1 b4 16. Bxg7 Kxg7 17. Rg3 Rb8 18. Ka1 a5 19. Bd3 Qf6 20. Rdg1 Nf4 21.
Be4 Rfd8 22. Bxc6 Rxd4 23. Qe3 Rbd8 24. Rb1 R8d6 25. Ba4 Rd2 26. a3 Qd4 27.
Qxd4+ R6xd4 28. Ka2 Rxh2 29. Rg5 f5 30. Rbg1 Kf7 31. axb4 axb4 32. Kb3 Re2 33.
Rf1 Re3+ 34. Ka2 Nxh3 35. Rg3 Nf4 36. Bb5 h4 37. Rgg1 Kf6 38. Rc1 Rd2 39. Ka1
h3 40. c4 bxc3 41. Rxc3 Rxc3 42. bxc3 h2 43. Rh1 Nh5 0-1

[Event "XXIII Memorial Edoardo Crespi Open"]
[Site "Milano ITA"]
[Date "2002.12.06"]
[Round "7"]
[White "Bozzali, Ermanno"]
[Black "Mazzariol, Oscar"]
[Result "1-0"]
[WhiteElo "2135"]
[BlackElo "2141"]
[PlyCount "129"]
[EventDate "2002.12.02"]

1. e4 c5 2. Nf3 e6 3. d4 cxd4 4. Nxd4 Nf6 5. Nc3 d6 6. Bc4 a6 7. Bb3 b5 8. O-O
Be7 9. Be3 O-O 10. f4 Qc7 11. f5 b4 12. Na4 e5 13. Ne2 Nbd7 14. c3 Bb7 15. Ng3
d5 16. exd5 Nc5 17. Bxc5 Bxc5+ 18. Kh1 Rad8 19. c4 Ba7 20. Qe2 Rfe8 21. Ne4 Kh8
22. Bc2 Rc8 23. Bd3 Bd4 24. Rad1 Rcd8 25. Nxf6 gxf6 26. Be4 Rg8 27. b3 Rg5 28.
Rd3 Rdg8 29. Qd2 a5 30. Rh3 Qd8 31. Nb2 Bc8 32. Nd3 Bd7 33. Nc1 Qc8 34. Qd3
R8g7 35. Ne2 Bc5 36. Ng3 Qa6 37. Rh6 a4 38. Qc2 axb3 39. axb3 Be3 40. Rh5 Rg4
41. Qd3 Qa7 42. Ne2 Bc5 43. g3 Qa2 44. Qc2 Qa3 45. Rh6 Qa6 46. Bf3 R4g5 47. g4
Be3 48. Rh3 Qa7 49. Rg3 Rg8 50. Rg2 Bc5 51. Ng3 Ra8 52. Ne4 Bd4 53. c5 Bb5 54.
Rd1 Rgg8 55. Nxf6 Rgc8 56. c6 Qb6 57. Be2 Bxc6 58. dxc6 Rxc6 59. Qe4 Ra1 60. g5
Rcc1 61. Qg4 Qb5 62. Rgg1 Rxd1 63. Bxd1 Bxg1 64. Qh5 Kg7 65. Qh6+ 1-0

[Event "XXIII Memorial Edoardo Crespi Open"]
[Site "Milano ITA"]
[Date "2002.12.06"]
[Round "7"]
[White "Contin, Daniel"]
[Black "Mrdja, Milan"]
[Result "0-1"]
[WhiteElo "2330"]
[BlackElo "2368"]
[PlyCount "112"]
[EventDate "2002.12.02"]

1. Nf3 Nf6 2. c4 g6 3. b3 Bg7 4. Bb2 O-O 5. g3 d6 6. Bg2 e5 7. O-O c5 8. Nc3
Nc6 9. e3 Re8 10. d3 Rb8 11. Qd2 h6 12. Rae1 a6 13. Qe2 Be6 14. Nd2 d5 15. cxd5
Nxd5 16. Nde4 b6 17. Nxd5 Bxd5 18. Nc3 Bxg2 19. Kxg2 Qd7 20. Rd1 Rbd8 21. Qf3
Re6 22. Kg1 Kh7 23. h4 f5 24. h5 Qf7 25. Ba1 gxh5 26. Nd5 Nb4 27. Nxb4 cxb4 28.
Kg2 h4 29. Rh1 hxg3 30. fxg3 Rg6 31. e4 f4 32. g4 Qc7 33. Rh2 Qc8 34. Kh3 h5
35. Kg2 Qxg4+ 36. Qxg4 Rxg4+ 37. Kf2 Kg6 38. Rg2 Bf6 39. Kf3 Rxg2 40. Kxg2 Kf7
41. Kf2 h4 42. Bb2 h3 43. Bc1 Rg8 44. Rg1 Bh4+ 45. Kf1 Rg3 46. Rxg3 fxg3 47.
Be3 b5 48. Bc5 Be7 49. Bb6 Kg6 50. d4 exd4 51. Bxd4 Kg5 52. Kg1 Kf4 53. e5 Ke4
54. Bb6 Kxe5 55. Kh1 Ke4 56. Ba7 Bd6 0-1

[Event "XXIII Memorial Edoardo Crespi Open"]
[Site "Milano ITA"]
[Date "2002.12.06"]
[Round "7"]
[White "Crippa, Gabriele"]
[Black "Mazzini, Antonio"]
[Result "1/2-1/2"]
[WhiteElo "2118"]
[BlackElo "2122"]
[PlyCount "24"]
[EventDate "2002.12.02"]

1. d4 d5 2. Nf3 Nf6 3. c4 c6 4. e3 e6 5. Nbd2 Nbd7 6. Bd3 Be7 7. O-O O-O 8. b3
Re8 9. Bb2 a6 10. e4 dxe4 11. Nxe4 Nxe4 12. Bxe4 Nf6 1/2-1/2

[Event "XXIII Memorial Edoardo Crespi Open"]
[Site "Milano ITA"]
[Date "2002.12.06"]
[Round "7"]
[White "Dragojlovic, Andjelko"]
[Black "Popa, Florin"]
[Result "1/2-1/2"]
[WhiteElo "2193"]
[BlackElo "2324"]
[PlyCount "83"]
[EventDate "2002.12.02"]

1. e4 e5 2. Nc3 Nc6 3. Bc4 Nf6 4. d3 Bb4 5. Bg5 h6 6. Bxf6 Qxf6 7. Nge2 Na5 8.
O-O c6 9. a3 Bxc3 10. Nxc3 Nxc4 11. dxc4 d6 12. Qd3 Be6 13. Rfd1 Rd8 14. Rd2
O-O 15. Rad1 Qe7 16. b3 b6 17. a4 g6 18. Qe3 Kh7 19. f4 Bg4 20. Rf1 exf4 21.
Rxf4 Qg5 22. e5 dxe5 23. Rxf7+ Rxf7 24. Qxg5 hxg5 25. Rxd8 Bf5 26. Rd2 Kg7 27.
Re2 Kf6 28. Kf2 Ke6 29. Ke3 Rh7 30. g3 g4 31. Rd2 a5 32. Nd1 Rd7 33. Rxd7 Kxd7
34. Kd2 Kd6 35. Nf2 Kc5 36. c3 Kd6 37. Nd1 Kc5 38. Ne3 Kd6 39. Kc1 Kc5 40. Kb2
Be6 41. Ng2 Bf5 42. Ne3 1/2-1/2

[Event "XXIII Memorial Edoardo Crespi Open"]
[Site "Milano ITA"]
[Date "2002.12.06"]
[Round "7"]
[White "Drazic, Sinisa"]
[Black "Lazic, Miroljub"]
[Result "1/2-1/2"]
[WhiteElo "2465"]
[BlackElo "2461"]
[PlyCount "105"]
[EventDate "2002.12.02"]

1. e4 d6 2. d4 Nf6 3. f3 g6 4. c4 Bg7 5. Nc3 O-O 6. Be3 b6 7. Qd2 c5 8. d5 e6
9. Nge2 exd5 10. cxd5 a6 11. a4 Nbd7 12. Ng3 h5 13. Be2 Re8 14. O-O Qe7 15. Bg5
Qf8 16. f4 Nh7 17. Bh4 Bd4+ 18. Kh1 Qh6 19. Qd3 Ndf6 20. Ra3 Ng4 21. Nd1 Bd7
22. Qc2 b5 23. axb5 axb5 24. Rd3 Ra1 25. Rxd4 cxd4 26. Qc7 Nf8 27. Qxd6 d3 28.
Bf3 b4 29. Bg5 Qh8 30. e5 Ba4 31. Bxg4 hxg4 32. Ne4 Nh7 33. Bf6 Nxf6 34. Nxf6+
Kg7 35. Nxe8+ Qxe8 36. Ne3 Rxf1+ 37. Nxf1 Qb5 38. Nd2 Bb3 39. Qf6+ Kg8 40. Nxb3
d2 41. Qd8+ Kg7 42. Nxd2 Qe2 43. Qf6+ Kg8 44. Qd8+ Kg7 45. Qf6+ Kg8 46. h3 gxh3
47. Qd8+ Kg7 48. Qf6+ Kg8 49. Qg5 Qxd2 50. Qd8+ Kg7 51. Qf6+ Kg8 52. Qd8+ Kg7
53. Qf6+ 1/2-1/2

[Event "XXIII Memorial Edoardo Crespi Open"]
[Site "Milano ITA"]
[Date "2002.12.06"]
[Round "7"]
[White "Facchetti, Gianni"]
[Black "Astengo, Corrado"]
[Result "1-0"]
[WhiteElo "2160"]
[BlackElo "2172"]
[PlyCount "59"]
[EventDate "2002.12.02"]

1. e4 c6 2. c4 e5 3. Nc3 Nf6 4. Nf3 Bb4 5. d3 d6 6. h3 h6 7. Be2 Qe7 8. Qc2 Na6
9. a3 Bxc3+ 10. Qxc3 Nc7 11. c5 Nb5 12. cxd6 Nxc3 13. dxe7 Nxe2 14. Kxe2 Nd7
15. d4 exd4 16. Nxd4 Nf6 17. f3 Kxe7 18. Be3 a6 19. Nb3 Nd7 20. Rhd1 f6 21. Na5
Re8 22. Nc4 b5 23. Nd6 Rg8 24. Rd2 Ne5 25. Bc5 Ke6 26. f4 Nd7 27. f5+ Ke5 28.
Ke3 Rf8 29. Nf7+ Rxf7 30. Bd6# 1-0

[Event "XXIII Memorial Edoardo Crespi Open"]
[Site "Milano ITA"]
[Date "2002.12.06"]
[Round "7"]
[White "Gandolfi, Gianfranco"]
[Black "Valenti, Giuseppe"]
[Result "0-1"]
[WhiteElo "2007"]
[BlackElo "2230"]
[PlyCount "60"]
[EventDate "2002.12.02"]

1. e4 c5 2. Nf3 e6 3. d4 cxd4 4. Nxd4 a6 5. c4 Nf6 6. Nc3 Bb4 7. Bd3 Qc7 8. Bd2
Be7 9. O-O d6 10. f4 O-O 11. Kh1 Nbd7 12. b4 Re8 13. Qe2 b6 14. Rae1 Bb7 15. e5
dxe5 16. fxe5 Qxe5 17. Qxe5 Nxe5 18. Rxe5 Rad8 19. Nce2 Ng4 20. Be4 Nxe5 21.
Bxb7 Nxc4 22. Bc3 Ne3 23. Rc1 Nd5 24. Bxd5 Rxd5 25. Nf4 Rd6 26. Nh5 Rc8 27. Ne2
Rdc6 28. Rd1 Rxc3 29. Nxc3 Rxc3 30. g3 Bxb4 0-1

[Event "XXIII Memorial Edoardo Crespi Open"]
[Site "Milano ITA"]
[Date "2002.12.06"]
[Round "7"]
[White "Lapiccirella, Mattia"]
[Black "Vismara, Daniele"]
[Result "0-1"]
[WhiteElo "2193"]
[BlackElo "2246"]
[PlyCount "76"]
[EventDate "2002.12.02"]

1. d4 d5 2. c4 e6 3. Nc3 c6 4. e3 Nf6 5. Nf3 Nbd7 6. Qc2 Bd6 7. b3 O-O 8. Be2
b6 9. O-O Bb7 10. Rd1 Qe7 11. e4 Nxe4 12. Nxe4 dxe4 13. Qxe4 f5 14. Qd3 Rad8
15. Bb2 c5 16. Qc3 Nf6 17. Qe1 cxd4 18. Nxd4 Ne4 19. f3 Bb4 20. Qf1 Bc3 21.
Bxc3 Nxc3 22. Rd3 Qf6 23. Nc2 Rxd3 24. Bxd3 e5 25. a3 Rd8 26. Nb4 e4 27. fxe4
Qd4+ 28. Qf2 Ne2+ 29. Bxe2 Qxa1+ 30. Bf1 Bxe4 31. Nd5 Bxd5 32. cxd5 Rxd5 33.
Qc2 Qd4+ 34. Kh1 Rc5 35. Qe2 h6 36. Qe6+ Kh7 37. h3 Qe5 38. Qf7 Rc1 0-1

[Event "XXIII Memorial Edoardo Crespi Open"]
[Site "Milano ITA"]
[Date "2002.12.06"]
[Round "7"]
[White "Lebel, Patrick"]
[Black "Porat, David"]
[Result "1-0"]
[WhiteElo "2183"]
[BlackElo "2195"]
[PlyCount "69"]
[EventDate "2002.12.02"]

1. Nf3 d5 2. b4 Nf6 3. Bb2 c6 4. e3 e6 5. a3 Nbd7 6. c4 Bd6 7. d4 O-O 8. Nbd2
a5 9. c5 Bc7 10. Bd3 Re8 11. Ne5 Nxe5 12. dxe5 Nd7 13. Nf3 Qe7 14. Qc2 f5 15.
h4 Rf8 16. Ke2 Rb8 17. Bd4 axb4 18. axb4 b6 19. Ra7 Bb7 20. Rha1 h6 21. Ba6
Bxa6+ 22. R1xa6 Rbc8 23. cxb6 Bb8 24. Bc5 Qd8 25. Bxf8 Bxa7 26. bxa7 Qxf8 27.
Rxc6 Ra8 28. Rc7 Nb6 29. Qc5 Qxc5 30. bxc5 Nc8 31. Nd4 Nxa7 32. c6 Nc8 33. Nxe6
Nb6 34. Rxg7+ Kh8 35. Rb7 1-0

[Event "XXIII Memorial Edoardo Crespi Open"]
[Site "Milano ITA"]
[Date "2002.12.06"]
[Round "7"]
[White "Qendro, Llambi"]
[Black "Sareen, Vishal"]
[Result "1/2-1/2"]
[WhiteElo "2364"]
[BlackElo "2335"]
[PlyCount "58"]
[EventDate "2002.12.02"]

1. d4 d5 2. c4 e6 3. cxd5 exd5 4. Nc3 c6 5. Bf4 Nf6 6. e3 Bf5 7. Bd3 Bxd3 8.
Qxd3 Bd6 9. Nge2 O-O 10. O-O Re8 11. Rab1 a5 12. Bxd6 Qxd6 13. Ng3 Nbd7 14.
Rbd1 Rad8 15. f3 c5 16. e4 dxe4 17. Ncxe4 Nxe4 18. Nxe4 Qxd4+ 19. Qxd4 cxd4 20.
Rxd4 Nf6 21. Re1 Nxe4 22. Rexe4 Kf8 23. Kf2 Rxd4 24. Rxd4 Re6 25. Rd7 Rb6 26.
b3 a4 27. bxa4 Rb2+ 28. Kg3 Rxa2 29. Rxb7 Rxa4 1/2-1/2

[Event "XXIII Memorial Edoardo Crespi Open"]
[Site "Milano ITA"]
[Date "2002.12.06"]
[Round "7"]
[White "Sanchez, Joseph"]
[Black "Maksimenko, Andrei"]
[Result "1/2-1/2"]
[WhiteElo "2307"]
[BlackElo "2507"]
[PlyCount "50"]
[EventDate "2002.12.02"]

1. e4 c5 2. Nf3 e6 3. d4 cxd4 4. Nxd4 Nf6 5. Nc3 d6 6. Be3 a6 7. Rg1 b5 8. f3
Bb7 9. Qe2 Nbd7 10. Qf2 h5 11. O-O-O Rc8 12. Kb1 b4 13. Nce2 e5 14. Nb3 Qc7 15.
Nec1 Be7 16. h3 h4 17. Bd3 g6 18. Qd2 d5 19. exd5 Nxd5 20. Rge1 Kf8 21. Be4
N7f6 22. Bxd5 Nxd5 23. Nd3 f6 24. Nbc5 Kg8 25. Nxb7 Qxb7 1/2-1/2

[Event "XXIII Memorial Edoardo Crespi Open"]
[Site "Milano ITA"]
[Date "2002.12.06"]
[Round "7"]
[White "Sbarra, Marco"]
[Black "Brovelli, Claudio"]
[Result "1/2-1/2"]
[WhiteElo "2220"]
[BlackElo "2180"]
[PlyCount "49"]
[EventDate "2002.12.02"]

1. e4 e6 2. d4 d5 3. Nc3 Bb4 4. Bd3 dxe4 5. Bxe4 Nf6 6. Bf3 c5 7. a3 Ba5 8.
Nge2 cxd4 9. Qxd4 Qxd4 10. Nxd4 a6 11. b4 Bc7 12. O-O Nbd7 13. Na4 O-O 14. c4
Rd8 15. Bb2 Rb8 16. c5 Ne5 17. Be2 Bd7 18. Nb6 Be8 19. Nf3 Nxf3+ 20. Bxf3 Bxb6
21. cxb6 Nd5 22. Bd4 Rbc8 23. Bc5 Ba4 24. Rfe1 Rd7 25. Bxd5 1/2-1/2

[Event "XXIII Memorial Edoardo Crespi Open"]
[Site "Milano ITA"]
[Date "2002.12.07"]
[Round "8"]
[White "Astengo, Marcello"]
[Black "Crippa, Gabriele"]
[Result "0-1"]
[WhiteElo "2092"]
[BlackElo "2118"]
[PlyCount "58"]
[EventDate "2002.12.02"]

1. d4 c5 2. d5 e5 3. f4 exf4 4. Bxf4 d6 5. Qd2 Be7 6. Nf3 Nf6 7. Nc3 Bf5 8.
O-O-O O-O 9. h3 b5 10. Nxb5 Ne4 11. Qe1 Qb6 12. e3 Bf6 13. Nd2 a6 14. Nxe4 Bxe4
15. Nc3 Nd7 16. Na4 Qc7 17. Bd3 Rfe8 18. b3 c4 19. Bxc4 Nc5 20. Nb2 Bxg2 21.
Rg1 Bf3 22. Rd2 Ne4 23. Rd3 Qc5 24. Kb1 Rab8 25. Na4 Qxc4 26. Nb2 Qc5 27. Rf1
Rec8 28. c4 Qa3 29. Qc1 Be2 0-1

[Event "XXIII Memorial Edoardo Crespi Open"]
[Site "Milano ITA"]
[Date "2002.12.07"]
[Round "8"]
[White "Bozzali, Ermanno"]
[Black "Barlocco, Carlo"]
[Result "0-1"]
[WhiteElo "2135"]
[BlackElo "2160"]
[PlyCount "68"]
[EventDate "2002.12.02"]

1. e4 d6 2. d4 Nf6 3. Nc3 e5 4. Nf3 Nbd7 5. Bc4 Be7 6. O-O O-O 7. a4 c6 8. h3
Qc7 9. Be3 b6 10. Qe2 Bb7 11. dxe5 Nxe5 12. Nxe5 dxe5 13. Rad1 a6 14. f4 b5 15.
Bd3 b4 16. Nb1 Rfe8 17. f5 c5 18. Nd2 c4 19. Bxc4 Nxe4 20. Nxe4 Bxe4 21. Bd5
Bxd5 22. Rxd5 Qc6 23. Rfd1 Qxa4 24. Qg4 Qxc2 25. Rf1 Qc6 26. Rxe5 Bf6 27. Rc5
Qe4 28. Bf2 Qxg4 29. hxg4 Bxb2 30. g5 a5 31. Rc7 a4 32. Rb7 Bc3 33. Rd1 a3 34.
Rdd7 a2 0-1

[Event "XXIII Memorial Edoardo Crespi Open"]
[Site "Milano ITA"]
[Date "2002.12.07"]
[Round "8"]
[White "Facchetti, Gianni"]
[Black "Sanchez, Joseph"]
[Result "1-0"]
[WhiteElo "2160"]
[BlackElo "2307"]
[PlyCount "94"]
[EventDate "2002.12.02"]

1. e4 c5 2. Nf3 Nc6 3. Bb5 d6 4. d4 cxd4 5. Qxd4 Bd7 6. Bxc6 Bxc6 7. c4 Nf6 8.
Nc3 g6 9. O-O Bg7 10. Re1 O-O 11. Qd3 Rc8 12. Be3 Nd7 13. Bd4 Ne5 14. Bxe5 dxe5
15. Qe3 a6 16. b4 Bd7 17. c5 f5 18. Rad1 Qe8 19. Rd2 Bc6 20. Rde2 Rd8 21. Qc1
Rd3 22. Qc2 Qd7 23. Re3 Rxe3 24. Rxe3 h6 25. Rd3 Qe6 26. Nd2 Kh7 27. f3 h5 28.
Qb3 Qf6 29. a4 Rc8 30. b5 axb5 31. axb5 Be8 32. Nd5 Qg5 33. Qc4 Ra8 34. c6 bxc6
35. bxc6 Ra1+ 36. Nf1 Bxc6 37. Qxc6 Ra2 38. Nde3 h4 39. h3 Re2 40. Qd5 Bf6 41.
Qb3 Qf4 42. exf5 gxf5 43. Qd1 Rb2 44. Rd2 Rxd2 45. Qxd2 Bg5 46. Qd5 Bf6 47. Qc4
e4 1-0

[Event "XXIII Memorial Edoardo Crespi Open"]
[Site "Milano ITA"]
[Date "2002.12.07"]
[Round "8"]
[White "Lazic, Miroljub"]
[Black "Vismara, Daniele"]
[Result "0-1"]
[WhiteElo "2461"]
[BlackElo "2246"]
[PlyCount "80"]
[EventDate "2002.12.02"]

1. d4 d5 2. c4 e6 3. Nc3 c6 4. e3 Nf6 5. Nf3 Nbd7 6. Qc2 Bd6 7. Bd3 O-O 8. O-O
dxc4 9. Bxc4 a6 10. a4 c5 11. b3 Qc7 12. h3 b6 13. Bb2 Bb7 14. Qe2 cxd4 15.
exd4 e5 16. d5 Nh5 17. Ng5 Nf4 18. Qd1 h6 19. Nge4 f5 20. Nxd6 Qxd6 21. Ne2 Ng6
22. f3 b5 23. axb5 axb5 24. Rxa8 Bxa8 25. Bd3 Qxd5 26. Kh1 Bc6 27. b4 e4 28.
fxe4 fxe4 29. Bc2 Rxf1+ 30. Qxf1 e3 31. Nc3 Qg5 32. Be4 Bxe4 33. Nxe4 Qf4 34.
Qd3 Nde5 35. Bxe5 Nxe5 36. Qd5+ Kh7 37. Nc3 Qf1+ 38. Kh2 Ng6 39. Qe4 Qf8 40.
Nd5 e2 0-1

[Event "XXIII Memorial Edoardo Crespi Open"]
[Site "Milano ITA"]
[Date "2002.12.07"]
[Round "8"]
[White "Maksimenko, Andrei"]
[Black "Drazic, Sinisa"]
[Result "1/2-1/2"]
[WhiteElo "2507"]
[BlackElo "2465"]
[PlyCount "28"]
[EventDate "2002.12.02"]

1. e4 e5 2. Nf3 Nc6 3. Bb5 a6 4. Ba4 Nf6 5. O-O Nxe4 6. d4 b5 7. Bb3 d5 8. dxe5
Be6 9. Nbd2 Be7 10. c3 Qd7 11. Re1 Nc5 12. Bc2 Bf5 13. Nb3 Bxc2 14. Qxc2 Ne6
1/2-1/2

[Event "XXIII Memorial Edoardo Crespi Open"]
[Site "Milano ITA"]
[Date "2002.12.07"]
[Round "8"]
[White "Mazzariol, Oscar"]
[Black "Astengo, Corrado"]
[Result "1/2-1/2"]
[WhiteElo "2141"]
[BlackElo "2172"]
[PlyCount "22"]
[EventDate "2002.12.02"]

1. e4 e6 2. d4 d5 3. e5 c5 4. c3 Qb6 5. Nf3 Bd7 6. a3 cxd4 7. cxd4 Bb5 8. Nc3
Bxf1 9. Kxf1 Nc6 10. g3 Nge7 11. Kg2 Ng6 1/2-1/2

[Event "XXIII Memorial Edoardo Crespi Open"]
[Site "Milano ITA"]
[Date "2002.12.07"]
[Round "8"]
[White "Popa, Florin"]
[Black "Lebel, Patrick"]
[Result "1/2-1/2"]
[WhiteElo "2193"]
[BlackElo "2183"]
[PlyCount "48"]
[EventDate "2002.12.02"]

1. e4 g6 2. d4 Bg7 3. f4 d5 4. e5 c5 5. dxc5 f6 6. Nf3 Nc6 7. Bb5 Bg4 8. exf6
Nxf6 9. O-O Ne4 10. c3 O-O 11. Be3 e5 12. fxe5 Nxe5 13. Be2 Rc8 14. Nbd2 Nxc5
15. Bd4 Nxf3+ 16. Nxf3 Ne6 17. Bxg7 Kxg7 18. h3 Bf5 19. Kh1 Qb6 20. Qxd5 Qxb2
21. Qe5+ Kg8 22. Nh4 Ng7 23. Qd5+ Be6 24. Qb5 Qxb5 1/2-1/2

[Event "XXIII Memorial Edoardo Crespi Open"]
[Site "Milano ITA"]
[Date "2002.12.07"]
[Round "8"]
[White "Porat, David"]
[Black "Mazzini, Antonio"]
[Result "1-0"]
[WhiteElo "2195"]
[BlackElo "2122"]
[PlyCount "69"]
[EventDate "2002.12.02"]

1. d4 g6 2. c4 Bg7 3. Nc3 d6 4. e4 Nc6 5. Be3 e5 6. d5 Nce7 7. c5 f5 8. f3 Nf6
9. Bd3 O-O 10. Nge2 fxe4 11. Nxe4 Nxe4 12. Bxe4 Nf5 13. Bf2 dxc5 14. Bxc5 Nd6
15. O-O b6 16. Ba3 Qd7 17. Bd3 Bb7 18. Nc3 Rf7 19. Bxd6 cxd6 20. Qe2 Rc8 21.
Rac1 Bh6 22. Rc2 Qd8 23. Bc4 Rf4 24. Ne4 a6 25. Rd1 b5 26. Bb3 Rxc2 27. Qxc2
Rf7 28. a4 Qb6+ 29. Kh1 Rc7 30. Qd3 bxa4 31. Bxa4 Qb4 32. Bc6 Bxc6 33. dxc6 Bf8
34. Nf6+ Kf7 35. Nd5 1-0